000 00763nam a22002417i 4500
005 20201209160652.0
008 201209s2020 my ||||g |||| 00| 0 may d
020 _a9789670911380
_cRM26.90
_qpaperback
040 _aPPAK
_beng
_cPPAK
_erda
082 0 4 _223
_a297.14
090 0 0 _a297.14
_bSID
_dG
100 0 _aSidek Baba,
_cDato', Prof., Dr.,
_d1946-,
_eauthor.
245 1 0 _aJalur FIKRAH /
_cSIDEK BABA
264 1 _aKlang, Selangor :
_bMZ Edu Publications,
_c2020
300 _aviii, 159 pages ;
_c22 cm
336 _2rdacontent
_atext
337 _2rdamedia
_aunmediated
338 _2rdacarrier
_avolume
650 1 0 _aIslamic law
_xInterpretation and construction
650 2 0 _aIslamic law
650 2 0 _aIslam
_xCustoms and practices
942 _2ddc
_cB
999 _c180470
_d180470